[Event "Gibraltar Challengers-B"]
[Site "Caleta"]
[Date "2018.01.31"]
[Round "5"]
[White "Gueler, Sebastian"]
[Black "Burke, Mitchell R"]
[Result "1/2-1/2"]
[WhiteElo "2120"]
[BlackElo "1989"]
[PlyCount "81"]
[EventDate "2018.01.27"]
[EventType "swiss"]
[EventRounds "5"]
[EventCountry "GGB"]
[SourceTitle "EXT 2019"]
[Source "ChessBase"]
[SourceDate "2018.10.10"]
[SourceVersion "1"]
[SourceVersionDate "2018.10.10"]
[SourceQuality "1"]

1. Nf3 Nf6 2. c4 g6 3. b3 Bg7 4. Bb2 0-0 5. g3 c6 6. Bg2 d5 7. 0-0 Bf5 8. d4 Qc8 9. Re1 Bh3 10. Bh1 h6 11. Nc3 Nbd7 12. Rc1 dxc4 13. bxc4 c5 14. d5 Ne8 15. Qc2 Nd6 16. Nd2 f5 17. f4 g5 18. Nd1 Bxb2 19. Qxb2 gxf4 20. gxf4 Kh7 21. Kf2 Qe8 22. Bf3 Nf6 23. Qe5 Nd7 24. Qc3 Qf7 25. Ne3 Nf6 26. Qe5 Ng4+ 27. Nxg4 Bxg4 28. Bxg4 fxg4 29. e3 Nf5 30. e4 Nh4 31. f5 Rae8 32. Kg3 Qh5 33. Rf1 Nf3 34. Nxf3 Qh3+ 35. Kf4 gxf3 36. Rxf3 Qxh2+ 37. Rg3 Rg8 38. Rcg1 Qd2+ 39. Kf3 Qd3+ 40. Kf2 Qd2+ 41. Kf3 1/2-1/2

[Event "Gibraltar Challengers-B"]
[Site "Caleta"]
[Date "2018.01.30"]
[Round "4"]
[White "Cramling Bellon, Anna"]
[Black "Gueler, Sebastian"]
[Result "1-0"]
[WhiteElo "1978"]
[BlackElo "2120"]
[PlyCount "131"]
[EventDate "2018.01.27"]
[EventType "swiss"]
[EventRounds "5"]
[EventCountry "GGB"]
[SourceTitle "EXT 2019"]
[Source "ChessBase"]
[SourceDate "2018.10.10"]
[SourceVersion "1"]
[SourceVersionDate "2018.10.10"]
[SourceQuality "1"]

1. d4 d5 2. c4 e6 3. Nc3 Nf6 4. cxd5 exd5 5. Bg5 c6 6. e3 Be7 7. Bd3 Nbd7 8. Qc2 h6 9. Bh4 Nh5 10. Bxe7 Qxe7 11. Nge2 Nb6 12. 0-0 0-0 13. Rae1 Bd7 14. Nc1 Rae8 15. Qd1 Qg5 16. f4 Qh4 17. f5 Nf6 18. Rf4 Qg5 19. Qf3 Nh5 20. Rg4 Qd8 21. Qh3 Nf6 22. Rg3 Kh8 23. Rf1 Nc8 24. Rf4 Nh7 25. Rfg4 Rg8 26. N1e2 Nd6 27. Rh4 Nxf5 28. Bxf5 Bxf5 29. Qxf5 Qxh4 30. Qxf7 Re7 31. Nf4 Nf8 32. Qxf8 Qxg3 33. Qxg8+ Kxg8 34. hxg3 Rxe3 35. Kf2 Re8 36. Nd3 Kf7 37. Ne5+ Ke6 38. b4 Rf8+ 39. Ke3 Rf1 40. Nd3 b6 41. Ke2 Rf8 42. b5 Rc8 43. bxc6 Rxc6 44. Nf4+ Kf5 45. Nfxd5 Kg4 46. Kf2 Rc8 47. Ne3+ Kg5 48. Ne4+ Kg6 49. Ke2 Rc1 50. Kd2 Ra1 51. Nc3 Kf6 52. Kd3 Rc1 53. Ned5+ Ke6 54. Nf4+ Kf5 55. Nfe2 Rf1 56. Ke3 a6 57. Nd5 Ra1 58. Nec3 b5 59. Nb4 Rg1 60. Nxa6 Rxg2 61. Kf3 Rc2 62. Nxb5 Rxa2 63. Nc5 h5 64. Nd6+ Kf6 65. Nde4+ Kf5 66. Nd6+ 1-0

[Event "Gibraltar Challengers-A"]
[Site "Caleta"]
[Date "2018.01.26"]
[Round "5"]
[White "Gueler, Sebastian"]
[Black "Richards, Heather"]
[Result "0-1"]
[WhiteElo "2120"]
[BlackElo "2223"]
[PlyCount "70"]
[EventDate "2018.01.22"]
[EventType "swiss"]
[EventRounds "5"]
[EventCountry "GGB"]
[SourceTitle "EXT 2019"]
[Source "ChessBase"]
[SourceDate "2018.10.10"]
[SourceVersion "1"]
[SourceVersionDate "2018.10.10"]
[SourceQuality "1"]

1. c4 d6 2. g3 e5 3. Nc3 f5 4. d4 e4 5. Nh3 Nf6 6. Nf4 Be7 7. Bg2 c6 8. d5 Ng4 9. f3 exf3 10. exf3 Ne5 11. b3 b5 12. cxb5 cxb5 13. 0-0 Qb6+ 14. Kh1 0-0 15. Bb2 a5 16. Nce2 Na6 17. Nd4 Nc5 18. Nde6 Nxe6 19. Nxe6 Bxe6 20. dxe6 f4 21. Rc1 Ng6 22. Qd2 a4 23. b4 a3 24. Bd4 Qb7 25. Rc3 Qd5 26. Bh3 Ra4 27. Rd3 Qg5 28. gxf4 Qxf4 29. Qc3 Qh4 30. Bxg7 Qxh3 31. Rg1 Qxe6 32. Bxf8 Bxf8 33. Re3 Qc4 34. Qf6 Qf7 35. Qd4 d5 0-1

[Event "Gibraltar Challengers-A"]
[Site "Caleta"]
[Date "2018.01.25"]
[Round "4"]
[White "Ungureanu, Sandu"]
[Black "Gueler, Sebastian"]
[Result "0-1"]
[WhiteElo "2033"]
[BlackElo "2120"]
[PlyCount "152"]
[EventDate "2018.01.22"]
[EventType "swiss"]
[EventRounds "5"]
[EventCountry "GGB"]
[SourceTitle "EXT 2019"]
[Source "ChessBase"]
[SourceDate "2018.10.10"]
[SourceVersion "1"]
[SourceVersionDate "2018.10.10"]
[SourceQuality "1"]

1. Nf3 d5 2. c4 e6 3. cxd5 exd5 4. d4 Nf6 5. Bg5 c6 6. Bxf6 Qxf6 7. e3 Bd6 8. Bd3 Bf5 9. Bxf5 Qxf5 10. Nc3 0-0 11. 0-0 Nd7 12. g3 Rfe8 13. Kg2 Re6 14. h3 Rae8 15. Nh4 Qf6 16. Qd3 g6 17. Rae1 Qe7 18. Nf3 h6 19. Nh2 Kg7 20. Re2 Nf6 21. Rfe1 Bb4 22. a3 Bxc3 23. Qxc3 Ne4 24. Qc2 Nd6 25. Qc5 Nb5 26. Qxe7 R8xe7 27. Kf1 Nd6 28. Nf3 f6 29. Nd2 Kf7 30. a4 a6 31. Rc1 Re8 32. Ree1 R6e7 33. Rc3 Ne4 34. Nxe4 Rxe4 35. a5 R4e7 36. Rb3 Rd7 37. Ke2 Ke6 38. Kd3 Kd6 39. Rc3 Ree7 40. b4 Rc7 41. Rc2 f5 42. f4 Rg7 43. g4 Ke6 44. Rg2 Kf6 45. Reg1 Rce7 46. g5+ hxg5 47. Rxg5 Re8 48. R5g3 Rh8 49. Ke2 Rh6 50. Kf2 Rgh7 51. Kg2 Kf7 52. Rc1 Rh8 53. Rf3 Ke6 54. Rg3 Kf6 55. Rc5 Ke6 56. b5 axb5 57. a6 Kd6 58. axb7 Rb8 59. e4 dxe4 60. Rgc3 Rxb7 61. d5 cxd5 62. Rc6+ Ke7 63. R3c5 Rd7 64. Rxb5 d4 65. Re5+ Kf7 66. Ree6 d3 67. Rcd6 Rxd6 68. Rxd6 Rh8 69. Rd4 Ke7 70. Ra4 Rc8 71. Ra7+ Ke6 72. Kf2 Rc2+ 73. Ke1 Rh2 74. Ra6+ Kf7 75. Ra7+ Kf6 76. Rd7 Rxh3 0-1

[Event "Gibraltar Challengers-A"]
[Site "Caleta"]
[Date "2018.01.24"]
[Round "3"]
[White "Gueler, Sebastian"]
[Black "Kanbier, Max"]
[Result "1-0"]
[WhiteElo "2120"]
[BlackElo "1864"]
[PlyCount "41"]
[EventDate "2018.01.22"]
[EventType "swiss"]
[EventRounds "5"]
[EventCountry "GGB"]
[SourceTitle "EXT 2019"]
[Source "ChessBase"]
[SourceDate "2018.10.10"]
[SourceVersion "1"]
[SourceVersionDate "2018.10.10"]
[SourceQuality "1"]

1. c4 f5 2. Nc3 Nf6 3. g3 g6 4. Bg2 Bg7 5. d3 0-0 6. Rb1 c6 7. e4 d6 8. Nge2 e5 9. 0-0 Be6 10. exf5 gxf5 11. b4 d5 12. cxd5 cxd5 13. d4 Ne4 14. dxe5 Bxe5 15. Bb2 Nf6 16. Nd4 Bxd4 17. Qxd4 Nc6 18. Qe3 Ne4 19. Nxe4 fxe4 20. b5 Ne7 21. Qh6 1-0

[Event "Gibraltar Challengers-A"]
[Site "Caleta"]
[Date "2018.01.22"]
[Round "1"]
[White "Gueler, Sebastian"]
[Black "Odeh, Kenneth"]
[Result "0-1"]
[WhiteElo "2120"]
[BlackElo "1922"]
[PlyCount "56"]
[EventDate "2018.01.22"]
[EventType "swiss"]
[EventRounds "5"]
[EventCountry "GGB"]
[SourceTitle "EXT 2019"]
[Source "ChessBase"]
[SourceDate "2018.10.10"]
[SourceVersion "1"]
[SourceVersionDate "2018.10.10"]
[SourceQuality "1"]

1. c4 e5 2. g3 Nc6 3. Bg2 g6 4. Nc3 Bg7 5. d3 d6 6. Rb1 Be6 7. b4 Qd7 8. b5 Nd8 9. Nd5 c6 10. bxc6 bxc6 11. Nc3 Nf6 12. Bg5 h6 13. Bxf6 Bxf6 14. Ne4 Be7 15. Qa4 0-0 16. Nf3 f5 17. Nc3 Bf6 18. e4 f4 19. gxf4 exf4 20. d4 Bh3 21. Bxh3 Qxh3 22. Qd1 Ne6 23. e5 dxe5 24. dxe5 Bxe5 25. Ne4 Rad8 26. Qe2 Bc7 27. Rg1 Ba5+ 28. Ned2 Ng5 0-1

[Event "Gibraltar Challengers-B 14th"]
[Site "Caleta"]
[Date "2016.01.31"]
[Round "2"]
[White "Romero Valencia, Fernando"]
[Black "Gueler, Sebastian"]
[Result "0-1"]
[WhiteElo "2054"]
[BlackElo "2189"]
[PlyCount "84"]
[EventDate "2016.01.30"]
[EventType "swiss"]
[EventRounds "5"]
[EventCountry "GGB"]
[SourceTitle "CBM 170 Extra"]
[Source "ChessBase"]
[SourceDate "2016.02.25"]
[SourceVersion "1"]
[SourceVersionDate "2016.02.25"]
[SourceQuality "1"]

1. d4 d5 2. Nf3 Nf6 3. Bf4 c5 4. e3 Nc6 5. c3 Qb6 6. Qb3 c4 7. Qxb6 axb6 8. Nbd2 b5 9. Be2 h6 10. 0-0 b4 11. cxb4 Nxb4 12. a3 Nc6 13. Ne5 Bf5 14. g4 Bh7 15. Rac1 e6 16. Ndxc4 dxc4 17. Nxc6 bxc6 18. Rxc4 Be7 19. Rxc6 0-0 20. Bf3 Be4 21. Bxe4 Nxe4 22. f3 Nf6 23. Bg3 Rfc8 24. Rfc1 Rxc6 25. Rxc6 Kf8 26. Kf2 Ke8 27. e4 Kd7 28. Rc7+ Kd8 29. Ke3 Nd7 30. Rc3 Bf6 31. Bc7+ Ke8 32. b4 Bd8 33. Bd6 Nb6 34. Kd3 Kd7 35. Bc5 g6 36. Rb3 Kc6 37. b5+ Kb7 38. Bb4 Na4 39. Bc5 Rc8 40. Bf8 Bg5 41. Bd6 Rd8 42. Bg3 Nc5+ 0-1

[Event "Gibraltar Challengers-B 14th"]
[Site "Caleta"]
[Date "2016.01.30"]
[Round "1"]
[White "Gueler, Sebastian"]
[Black "Harding, Timothy David"]
[Result "1-0"]
[WhiteElo "2189"]
[BlackElo "2006"]
[PlyCount "73"]
[EventDate "2016.01.30"]
[EventType "swiss"]
[EventRounds "5"]
[EventCountry "GGB"]
[SourceTitle "CBM 170 Extra"]
[Source "ChessBase"]
[SourceDate "2016.02.25"]
[SourceVersion "1"]
[SourceVersionDate "2016.02.25"]
[SourceQuality "1"]

1. c4 Nf6 2. Nf3 e6 3. Nc3 d5 4. cxd5 exd5 5. d4 c6 6. Bg5 h6 7. Bh4 Bf5 8. e3 Be7 9. Bd3 Ne4 10. Bxe7 Qxe7 11. Qc2 Nd7 12. 0-0 0-0 13. a3 Rfe8 14. b4 a6 15. Rfc1 Qf6 16. Rab1 Nxc3 17. Qxc3 Be4 18. Nd2 Qg5 19. Nxe4 dxe4 20. Bf1 Re6 21. a4 Nb6 22. Qb3 Rd8 23. Rc5 Rd5 24. Rbc1 Red6 25. b5 cxb5 26. axb5 axb5 27. Qxb5 Qd8 28. Rb1 Rg5 29. Qa5 Rgg6 30. Qa7 Qe7 31. g3 Rgf6 32. Rb2 g6 33. Re5 Rfe6 34. Rxb6 Rxb6 35. Qxb6 Rxe5 36. dxe5 Qxe5 37. Qxb7 1-0

[Event "Gibraltar Challengers-A 14th"]
[Site "Caleta"]
[Date "2016.01.27"]
[Round "3"]
[White "Gueler, Sebastian"]
[Black "Odeh, Kenneth"]
[Result "0-1"]
[WhiteElo "2189"]
[BlackElo "2014"]
[PlyCount "62"]
[EventDate "2016.01.25"]
[EventType "swiss"]
[EventRounds "5"]
[EventCountry "GGB"]
[SourceTitle "CBM 170 Extra"]
[Source "ChessBase"]
[SourceDate "2016.02.25"]
[SourceVersion "1"]
[SourceVersionDate "2016.02.25"]
[SourceQuality "1"]

1. c4 e5 2. Nc3 Nc6 3. Nf3 d6 4. d4 exd4 5. Nxd4 Nf6 6. g3 Be7 7. Nxc6 bxc6 8. Bg2 Bb7 9. Qb3 Qc8 10. 0-0 0-0 11. Rd1 Rb8 12. Qa4 c5 13. b3 Bxg2 14. Kxg2 h6 15. Bb2 Re8 16. e4 Bf8 17. Re1 Nd7 18. Re2 Rb6 19. Nb5 Ra6 20. Nxa7 Rxa4 21. Nxc8 Ra8 22. Nxd6 cxd6 23. Bc3 Ne5 24. f4 Nc6 25. Kf3 g6 26. Rd2 Ra7 27. Re1 Rea8 28. Ree2 Bg7 29. Bxg7 Kxg7 30. Ke3 Nd4 31. Rf2 Re8 0-1

[Event "Gibraltar Challengers-A 14th"]
[Site "Caleta"]
[Date "2016.01.25"]
[Round "1"]
[White "Gueler, Sebastian"]
[Black "Burke, Mitchell R"]
[Result "1-0"]
[WhiteElo "2189"]
[BlackElo "2002"]
[PlyCount "150"]
[EventDate "2016.01.25"]
[EventType "swiss"]
[EventRounds "5"]
[EventCountry "GGB"]
[SourceTitle "CBM 170 Extra"]
[Source "ChessBase"]
[SourceDate "2016.02.25"]
[SourceVersion "1"]
[SourceVersionDate "2016.02.25"]
[SourceQuality "1"]

1. c4 g6 2. Nf3 Bg7 3. g3 d6 4. Bg2 Nf6 5. d4 0-0 6. 0-0 Nbd7 7. Nc3 e5 8. e4 exd4 9. Nxd4 Re8 10. Re1 a6 11. Rb1 Rb8 12. h3 c5 13. Nc2 Ne5 14. b3 Nc6 15. a4 h5 16. Bf4 Nh7 17. Qd2 Be5 18. Rbd1 Be6 19. Be3 Qa5 20. Nd5 Bxd5 21. Qxd5 Nf6 22. Qd3 Bc3 23. Bd2 Bxd2 24. Qxd2 Rbd8 25. Qxa5 Nxa5 26. Rd3 Re6 27. h4 Rde8 28. f3 Nd7 29. Bh3 Ne5 30. Rc3 R6e7 31. Rd1 Rd8 32. Kf2 b6 33. f4 Nec6 34. Re3 b5 35. axb5 axb5 36. cxb5 Nb4 37. Nxb4 cxb4 38. Rd4 Rb7 39. Rxb4 Rdb8 40. Bf1 Nc6 41. Rc4 Na7 42. Rb4 Nxb5 43. Rxb5 Rxb5 44. Bxb5 Rxb5 45. Ke2 Kf8 46. Kd2 Ra5 47. Kc3 f6 48. b4 Ra3+ 49. Kd4 Ra4 50. Kc4 Ke7 51. Kb5 Ra1 52. Kb6 Kd7 53. Rd3 Re1 54. Rd4 Re3 55. b5 Ke7 56. Kc7 Rc3+ 57. Kb7 Rxg3 58. b6 f5 59. exf5 gxf5 60. Rd5 Ke6 61. Ra5 d5 62. Ka6 d4 63. b7 Rg8 64. Re5+ Kd6 65. Rxf5 d3 66. Rg5 Rb8 67. Rg3 Ke6 68. Rxd3 Kf5 69. Ka7 Rxb7+ 70. Kxb7 Kxf4 71. Rd4+ Kg3 72. Kc6 Kf3 73. Kd5 Kg3 74. Ke5 Kf3 75. Rc4 Kg3 1-0

[Event "Reykjavik op"]
[Site "Reykjavik"]
[Date "2014.03.05"]
[Round "2"]
[White "Gueler, Sebastian"]
[Black "Thorhallsson, Simon"]
[Result "1-0"]
[WhiteElo "2208"]
[BlackElo "1636"]
[PlyCount "91"]
[EventDate "2014.03.04"]
[EventType "swiss"]
[EventRounds "10"]
[EventCountry "ISL"]
[SourceTitle "CBM 159 Extra"]
[Source "ChessBase"]
[SourceDate "2014.04.24"]
[SourceVersion "1"]
[SourceVersionDate "2014.04.24"]
[SourceQuality "1"]

1. d4 d5 2. Nf3 Nf6 3. c4 c6 4. Nc3 dxc4 5. a4 Bf5 6. e3 e6 7. Bxc4 Bb4 8. 0-0 0-0 9. Qe2 Bg6 10. Ne5 Nbd7 11. Nxg6 hxg6 12. Rd1 Qa5 13. Na2 Qxa4 14. b3 Qa5 15. Nxb4 Qxb4 16. Ba3 Qb6 17. Bxf8 Rxf8 18. Qa2 a6 19. Qa5 Qxa5 20. Rxa5 Nb6 21. f3 Rd8 22. Kf2 Ne8 23. e4 Nc7 24. h4 Kf8 25. h5 gxh5 26. Rxh5 Ke7 27. Ke3 g6 28. Rh7 a5 29. Be2 Nc8 30. Rc1 Na7 31. Rhh1 Nab5 32. Rhd1 Kf6 33. Ra1 Ra8 34. Rd2 Ke7 35. Rda2 Rd8 36. Rd2 Ra8 37. f4 Nc3 38. Bf3 b5 39. Rc2 b4 40. Kd3 N7b5 41. Ke3 Ra7 42. Rd2 Na3 43. Kd3 a4 44. Rxa3 bxa3 45. Kxc3 axb3 46. Kxb3 1-0